| LEADER 00000nam 2200000uu 4500 |
| 001 206339 |
| 003 ULIBM |
| 008 110829s2554||||th 000 0 tha d |
| 024 978-616-7062-11-2
|
| 060 0 TS 155 ซ912p 2554.
|
| 100 0 ^aโซเบค, เดอร์วาร์ด เค.
|
| 245 00 ^aPDCA แบบ toyota ด้วยการคิดแบบ A3./^bเขียนโดย Durward K. Sobek, Art Smalley ; แปลและเรียบเรียงโดย วิทยา สุหฤทดำรง,ไรย์วินท์ บุญสวัสดิ์ และอัฑฒ์ สุนทรโรหิต.
|
| 260 ^aกรุงเทพฯ : ^bดี ไอ สแควร์ สำนักพิมพ์,^c2554.
|
| 300 ^aจำนวน 213 หน้า;^bภาพประกอบ.
|
| 650 0 ^aการบริหารงานผลิต.
|
| 650 0 ^aบริษัทโตโยต้า - - ^xการบริหาร.
|
| 650 0 ^aการวางแผนการผลิต.
|
| 650 0 ^aการแก้ปัญหา.
|
| 700 0 ^aSobek, Durward k.
|
| 700 0 ^aSmalley, Art.
|
| 700 0 ^aวิทยา สุหฤทดำรง,ผู้แปล.
|
| 700 0 ^aไรย์วินท์ บุญสวัสดิ์,ผู้แปล.
|
| 700 0 ^aอัฑฒ์ สุนทรโรหิต,ผู้แปล.
|
| 999 ^aใช้งานได้ทุกระบบ
|